000 00556nab a22001577 4500
003 ES-SlBCS
005 20210327224324.0
008 190221s2014 po ||||| |||| 00| 0 por d
040 _aES-SlBCS
_bspa
041 _apor
100 1 _aCabral, João Paulo
_9121510
245 1 0 _aPadre Jerónimo Lobo, SJ - um missionário e um naturalista no índico.
_cJoão Paulo Cabral, Joao Manuel da Silva Martins
700 1 _aSilva Martins, Joao Manuel da
_9121511
773 0 _gVol. 180, fasc. 5, 2015, págs. 465-489
_tBrotéria
_wRev100
_x0870-7618
942 _2lcc
_cAR
999 _c491873
_d491873